00581 2200229 4500001002100000005001700021008004100038035002400079082001200103090001900115100001600134245005400150250001100204260002600215300001900241500002700260650001500287850001500302980001300317985000600330999001500336YOGYA-0209000000934520090227021213.0 ind  0010-020900000009345 a301.426 a301.426bBun P aBUNYAMIN, A aPetunjuk menuju perkawinan yang bahagiacBunyamin aCet. 1 aBandungbCahayac1978 a150 hlmc21 cm aBibliografi : hlm. 149 aPerkawinan aYOPDYOG(B) a11-06-05 a1 aP000013397